000
00191 a2200097 4500
020
_a
9786077200253
041
_a
spa
100
_a
Wells, H.G
245
_a
La guerra de los Mundos
942
_c
BK
999
_c
10301
_d
10301